| 000 | 00705cam a22002537a 4500 | ||
|---|---|---|---|
| 999 |
_c4975 _d4975 |
||
| 001 | 16936139 | ||
| 003 | GZU | ||
| 005 | 20210325120818.0 | ||
| 008 | 110826s2011 rh 000 f nde | ||
| 010 | _a 2011349438 | ||
| 020 | _a9781779034113 | ||
| 040 |
_aDLC _cDLC _dDLC |
||
| 042 | _alcode | ||
| 050 | 0 | 0 | _aPL8886 |
| 100 | 1 |
_aSitsha, Mihla, _d1980- |
|
| 245 | 1 | 0 |
_aWangenza mntanami / _cMihla Sitsha. |
| 260 |
_aHarare : _bLongman Zimbabwe, _c2011. |
||
| 300 |
_a105 p. ; _c21 cm. |
||
| 520 | _aA novel. | ||
| 546 | _aIn Ndebele (Zimbabwe). | ||
| 906 |
_a7 _bcbc _corigode _d4 _encip _f20 _gy-gencatlg |
||
| 942 |
_2lcc _cBK _h8886 _iSIT _kPL _m2011 |
||